00493nab a22001457a 4500003000400000005001700004008004100021040003700062082003600099100002200135245005900157260004500216650001400261773007200275OSt20250430024051.0250404t2005 |||||||| |||| 00| 0 eng d cJMCFI - Learning Resource Center aPer. 370.7’051 M689 2004-2006 aMallari, Marina C aMaking a difference as a teacher /cMarina C. Mallari. aManila :bThe Grade School, Inc.,c2005. aTeachers. g, volume 54, number 7 (December 2005) page 278.tThe Modern Teacher